000 00962nam a2200265Ia 4500
003 OSt
005 20221005104249.0
006 a|||||r|||| 00| 0
007 ta
008 221004b |||||||| |||| 00| 0 hin d
020 _a9788123017969 (pbk)
_cINR 95.00
024 _a42450
037 _b322, 11/03/2019, Eastern Book Linkers
_cTextual
040 _aCRL
_cCRL
_bhin
041 _2hin
_ahin
082 _aO152,6N112x, Q3
245 0 _aशमशेर बहादुर सिंह
246 _aShamasher bahādur sianha
260 _aदिल्ली
_bप्रकाशन विभाग सूचना और प्रसारण मंत्रालय भारत
_c2013
300 _a139पृ0
_ccm.
650 _a हिन्दी साहित्य
650 _aहिन्दी पत्र
942 _hO152,6N112x, Q3
_cTEXL
_2cc
999 _c1012193
_d1012193